[Event "Wiesbaden op 28th"]
[Site "Wiesbaden"]
[Date "2016.08.28"]
[Round "6"]
[White "Polat, Marcel"]
[Black "Metzdorf, Matteo"]
[Result "1/2-1/2"]
[WhiteElo "1740"]
[BlackElo "1211"]
[PlyCount "88"]
[EventDate "2016.08.25"]
[EventType "swiss"]
[EventRounds "7"]
[EventCountry "GER"]
[SourceTitle "CBM 174 Extra"]
[Source "ChessBase"]
[SourceDate "2016.10.10"]
[SourceVersion "1"]
[SourceVersionDate "2016.10.10"]
[SourceQuality "1"]

1. e4 e6 2. d4 d5 3. exd5 exd5 4. Nf3 Bd6 5. Be2 Bf5 6. Be3 Nf6 7. h3 Nbd7 8. a3 c6 9. Nbd2 Qc7 10. c4 h6 11. c5 Be7 12. b4 a6 13. Qc1 g5 14. Nh2 Nf8 15. Qc3 Ne4 16. Nxe4 Bxe4 17. Bf3 Bxf3 18. Nxf3 Nd7 19. Kd1 Nf6 20. Nd2 Qd7 21. Kc2 Qf5+ 22. Qd3 Qxd3+ 23. Kxd3 Kd7 24. Nf3 Ne4 25. Ne5+ Ke8 26. f3 Nf6 27. a4 Nd7 28. Nxd7 Kxd7 29. Rhb1 Rhe8 30. Ra3 Ra7 31. Rab3 f5 32. g3 Kc7 33. b5 axb5 34. axb5 cxb5 35. Rxb5 Ra3+ 36. R1b3 Rxb3+ 37. Rxb3 Rf8 38. f4 g4 39. hxg4 fxg4 40. Rb6 Rf6 41. Rxf6 Bxf6 42. f5 h5 43. Bf4+ Kd7 44. Ke3 Ke7 1/2-1/2

[Event "Wiesbaden op 28th"]
[Site "Wiesbaden"]
[Date "2016.08.27"]
[Round "4"]
[White "Polat, Marcel"]
[Black "Fernandez Garcia, Alfonso Javier"]
[Result "0-1"]
[WhiteElo "1740"]
[BlackElo "1535"]
[PlyCount "98"]
[EventDate "2016.08.25"]
[EventType "swiss"]
[EventRounds "7"]
[EventCountry "GER"]
[SourceTitle "CBM 174 Extra"]
[Source "ChessBase"]
[SourceDate "2016.10.10"]
[SourceVersion "1"]
[SourceVersionDate "2016.10.10"]
[SourceQuality "1"]

1. e4 e6 2. Nc3 d5 3. exd5 exd5 4. d4 Nf6 5. Nf3 Be7 6. Be2 0-0 7. 0-0 Nbd7 8. Re1 c6 9. Bd3 Re8 10. Ne2 Ne4 11. Ng3 Nxg3 12. fxg3 Nf6 13. c3 Bg4 14. Qc2 h6 15. Be3 Bd6 16. Bf2 Qc7 17. Nh4 Be6 18. Nf5 Bf8 19. a4 b6 20. b4 a6 21. Be3 Bxf5 22. Bxf5 Bd6 23. Bd3 Ng4 24. Bf2 Kf8 25. Rxe8+ Rxe8 26. Bxa6 Qd7 27. Bd3 g6 28. Qd2 Kg7 29. Re1 Ra8 30. Bc2 Qc7 31. Qe2 Qd7 32. Qf3 Rc8 33. Rf1 Qe6 34. h3 Nxf2 35. Qxf2 c5 36. b5 cxd4 37. cxd4 Rc3 38. g4 Bg3 39. Qd2 Re3 40. Rf3 Re2 41. Qc3 Re1+ 42. Rf1 Bh2+ 43. Kxh2 Rxf1 44. Qd3 Rf2 45. Kg3 Qf6 46. h4 Qf4+ 47. Kh3 Rd2 48. Qb3 Qf2 49. Qxd5 Rxc2 0-1

[Event "Wiesbaden op 28th"]
[Site "Wiesbaden"]
[Date "2016.08.25"]
[Round "1"]
[White "Hoeglauer, Patrick"]
[Black "Polat, Marcel"]
[Result "1-0"]
[WhiteElo "2153"]
[BlackElo "1740"]
[PlyCount "75"]
[EventDate "2016.08.25"]
[EventType "swiss"]
[EventRounds "7"]
[EventCountry "GER"]
[SourceTitle "CBM 174 Extra"]
[Source "ChessBase"]
[SourceDate "2016.10.10"]
[SourceVersion "1"]
[SourceVersionDate "2016.10.10"]
[SourceQuality "1"]

1. e4 c5 2. Nc3 d6 3. f4 a6 4. Nf3 Nc6 5. a4 Bg4 6. Bc4 e6 7. 0-0 Nd4 8. Ne2 Nxf3+ 9. gxf3 Bh3 10. Rf2 Be7 11. d3 d5 12. Ba2 Nf6 13. Bd2 Nh5 14. Ng3 Bh4 15. Nxh5 Bxf2+ 16. Kxf2 Qh4+ 17. Ng3 dxe4 18. fxe4 Bg4 19. Qg1 0-0 20. Ke3 e5 21. Rf1 exf4+ 22. Rxf4 Qh6 23. Kf2 Be6 24. Ke1 Qg6 25. Bxe6 fxe6 26. Qxc5 Rac8 27. Qe5 Rxc2 28. Ne2 Rfc8 29. h3 Rf8 30. Rg4 Qf6 31. Bc3 Qxe5 32. Bxe5 g6 33. Nf4 Kf7 34. h4 Rg8 35. Nh3 h6 36. Bd6 Re8 37. Rf4+ Kg7 38. Be5+ 1-0

[Event "Karl Mala Memorial op-B 16th"]
[Site "Frankfurt"]
[Date "2013.07.12"]
[Round "3"]
[White "Holst, Simon"]
[Black "Polat, Marcel"]
[Result "0-1"]
[WhiteElo "1399"]
[BlackElo "1687"]
[PlyCount "60"]
[EventDate "2013.07.11"]
[EventType "swiss"]
[EventRounds "7"]
[EventCountry "GER"]
[SourceTitle "CBM 155 Extra"]
[Source "ChessBase"]
[SourceDate "2013.08.26"]
[SourceVersion "1"]
[SourceVersionDate "2013.08.26"]
[SourceQuality "1"]

1. e4 e5 2. Nf3 Nc6 3. Bb5 a6 4. Bxc6 dxc6 5. 0-0 Bd6 6. Nc3 Bg4 7. d3 Ne7 8. b3 Ng6 9. h3 Be6 10. Bb2 Qf6 11. Ne2 Bxh3 12. Ng3 Bg4 13. Re1 Nh4 14. Re3 Nxf3+ 15. gxf3 Be6 16. Kg2 h5 17. Qh1 h4 18. Rg1 0-0-0 19. Ne2 Bc5 20. d4 Bxd4 21. Nxd4 exd4 22. Rd3 c5 23. Rgd1 h3+ 24. Kf1 Qg5 25. c3 dxc3 26. Bxc3 Rxd3 27. Rxd3 Qc1+ 28. Be1 h2 29. Rc3 Bh3+ 30. Ke2 Qb2+ 0-1

[Event "Rheinhessen-ch U14"]
[Site "Heidesheim"]
[Date "2013.01.19"]
[Round "1.2"]
[White "Schulze Thesing, Lars"]
[Black "Polat, Marcel"]
[Result "0-1"]
[WhiteElo "878"]
[BlackElo "1373"]
[PlyCount "54"]
[EventDate "2013.01.19"]
[EventType "swiss"]
[EventRounds "7"]
[EventCountry "GER"]
[SourceTitle "EXT 2014"]
[Source "ChessBase"]
[SourceDate "2013.11.20"]
[SourceVersion "1"]
[SourceVersionDate "2013.11.20"]
[SourceQuality "1"]

1. e4 c5 2. d3 d6 3. Ne2 Nc6 4. Nbc3 Nf6 5. Bf4 e5 6. Bg5 Be7 7. Qd2 h6 8. Bh4 Nd4 9. Nxd4 cxd4 10. Ne2 Be6 11. c3 d5 12. f3 Qb6 13. Bf2 dxe4 14. fxe4 Ng4 15. Bg1 Ne3 16. Bxe3 dxe3 17. Qc2 f5 18. d4 f4 19. dxe5 Bh4+ 20. g3 fxg3 21. hxg3 Bg5 22. Bg2 Rf8 23. Rf1 Rf2 24. Rxf2 exf2+ 25. Kf1 Bc4 26. Rd1 Bxe2+ 27. Qxe2 Be3 0-1

[Event "Rheinhessen-ch U14"]
[Site "Heidesheim"]
[Date "2013.01.19"]
[Round "6.5"]
[White "Seibert, Amadeus"]
[Black "Polat, Marcel"]
[Result "0-1"]
[WhiteElo "873"]
[BlackElo "1373"]
[PlyCount "118"]
[EventDate "2013.01.19"]
[EventType "swiss"]
[EventRounds "7"]
[EventCountry "GER"]
[SourceTitle "EXT 2014"]
[Source "ChessBase"]
[SourceDate "2013.11.20"]
[SourceVersion "1"]
[SourceVersionDate "2013.11.20"]
[SourceQuality "1"]

1. e4 c5 2. Nc3 Nc6 3. Nf3 d6 4. Be2 Nf6 5. 0-0 g6 6. d3 Bg7 7. Be3 a6 8. Rb1 b5 9. Nd5 Nxd5 10. exd5 Nb4 11. d4 c4 12. c3 Nxd5 13. Ng5 Nxe3 14. fxe3 0-0 15. Bf3 Rb8 16. Bc6 e6 17. Qg4 f5 18. Qf4 Qe7 19. h4 Bh6 20. d5 Bxg5 21. hxg5 e5 22. Qh4 Bb7 23. Bxb7 Rxb7 24. b4 e4 25. a3 Qe5 26. Qf4 Qxf4 27. exf4 Ra8 28. Kf2 a5 29. Ke3 axb4 30. axb4 Ra3 31. Rbc1 Rba7 32. Rg1 Ra2 33. g4 Rb2 34. Rg3 Raa2 35. Rd1 Re2+ 36. Kd4 Rad2+ 37. Rxd2 Rxd2+ 38. Ke3 Rd3+ 39. Kf2 fxg4 40. Rg1 Rxc3 41. Ra1 Rf3+ 42. Ke2 Rxf4 43. Ke3 Rf3+ 44. Kxe4 c3 45. Kd4 c2 46. Rc1 Rf2 47. Ke3 Rh2 48. Kf4 Rg2 49. Ke3 Kg7 50. Kf4 h5 51. Re1 h4 52. Rc1 h3 53. Re1 h2 54. Rc1 Rg1 55. Rxc2 h1Q 56. Rc7+ Kf8 57. Rc8+ Ke7 58. Rc7+ Kd8 59. Ke3 Qf3+ 0-1

[Event "Rheinland Pfalz op 3rd"]
[Site "Gau Algesheim"]
[Date "2011.08.01"]
[Round "6"]
[White "Bur, Marcus"]
[Black "Polat, Marcel"]
[Result "1-0"]
[WhiteElo "1734"]
[BlackElo "1328"]
[PlyCount "71"]
[EventDate "2011.07.28"]
[EventType "swiss"]
[EventRounds "7"]
[EventCountry "GER"]
[SourceTitle "EXT 2013"]
[Source "ChessBase"]
[SourceDate "2012.11.22"]
[SourceVersion "1"]
[SourceVersionDate "2012.11.22"]
[SourceQuality "1"]

1. d4 Nf6 2. Bf4 e6 3. Nf3 d5 4. e3 Nc6 5. a3 a6 6. c4 Bd7 7. Nc3 h6 8. b4 Na7 9. Qb3 c6 10. c5 Nh5 11. Bg3 Nxg3 12. hxg3 b6 13. cxb6 Qxb6 14. Na4 Qb7 15. Rb1 Rb8 16. Nd2 Bd6 17. Nc5 Bxc5 18. bxc5 Qxb3 19. Rxb3 Rxb3 20. Nxb3 0-0 21. Kd2 Rb8 22. Kc2 Nb5 23. Kb2 Nc7 24. a4 Kh7 25. Bd3+ g6 26. Kc3 Ra8 27. Na5 Rb8 28. Rb1 Rxb1 29. Bxb1 f5 30. Bd3 g5 31. Nb7 h5 32. Nd6 Kg7 33. Kb4 Kf6 34. Ka5 e5 35. Kb6 e4 36. Be2 1-0

[Event "Rheinland Pfalz op 3rd"]
[Site "Gau Algesheim"]
[Date "2011.07.29"]
[Round "2"]
[White "Thumm, Felix"]
[Black "Polat, Marcel"]
[Result "1/2-1/2"]
[WhiteElo "1798"]
[BlackElo "1328"]
[PlyCount "75"]
[EventDate "2011.07.28"]
[EventType "swiss"]
[EventRounds "7"]
[EventCountry "GER"]
[SourceTitle "EXT 2013"]
[Source "ChessBase"]
[SourceDate "2012.11.22"]
[SourceVersion "1"]
[SourceVersionDate "2012.11.22"]
[SourceQuality "1"]

1. e4 e5 2. Nf3 Nc6 3. Bc4 Bc5 4. c3 Nf6 5. d4 exd4 6. cxd4 Bb4+ 7. Bd2 Bxd2+ 8. Nbxd2 d6 9. 0-0 0-0 10. Qb3 h6 11. Rad1 Qe7 12. Rde1 Na5 13. Qb4 Nxc4 14. Qxc4 Be6 15. Qc2 Bg4 16. h3 Bxf3 17. Nxf3 Rad8 18. Nd2 c6 19. Re3 Qc7 20. Rfe1 Rfe8 21. Qa4 a6 22. Qc4 Re7 23. Qc3 Rde8 24. Qd3 Nh7 25. Rg3 f5 26. Qb3+ Kh8 27. Qc2 fxe4 28. Rxe4 Rxe4 29. Nxe4 d5 30. Nc5 Re1+ 31. Kh2 Nf6 32. Qf5 Qe7 33. Qc8+ Kh7 34. Nxb7 Ne4 35. Qf5+ Kh8 36. Qc8+ Kh7 37. Qf5+ Kg8 38. Qc8+ 1/2-1/2